000 00324nam a22001457a 4500
008 231127b ||||| |||| 00| 0 eng d
020 _a046505014X
041 _aeng
080 _a521
082 _a521STA
100 _a19
101 _aASTR
245 _aTHE NEW EVOLUTIONARY TIMETABLE
_cSTANLEY .M .S
942 _2udc
_cBK
999 _c60538
_d60538